The USA

Αποθηκεύτηκε σε:
Λεπτομέρειες βιβλιογραφικής εγγραφής
Κύριος συγγραφέας: Baxter, Alison (Συγγραφέας)
Μορφή: Βιβλίο
Γλώσσα:Αγγλικά
Έκδοση: Londres Oxford University Press 2008
Έκδοση:1a. ed
Σειρά:Oxford Bookworms, 3
Θέματα:
Ετικέτες: Προσθήκη ετικέτας
Δεν υπάρχουν, Καταχωρήστε ετικέτα πρώτοι!

MARC

LEADER 00000nam a2200000 a 4500
001 UCG5601
003 CL-VaPUC
008 110310e20080000UK |||||||||||||||||eng|d
020 |a 9780194233910 
082 0 4 |a 820  |b BAX  |2 21 
100 0 |a Baxter, Alison  |e author  |9 555276 
245 1 4 |a The USA 
250 |a 1a. ed 
300 |a 72 p 
942 |c BK 
945 |d 20110310 00:00:00  |a jcampos 
260 |a Londres  |b Oxford University Press  |c 2008 
650 7 |a LITERATURA INGLES  |2 CL-VaPUC  |9 555277 
650 7 |a HISTORIA ESTADOS UNIDOS  |2 CL-VaPUC  |9 410590 
650 0 |a Historia de ciudades   |9 445863 
651 0 |a Estados Unidos  |9 255178 
583 |a last modification  |c 20110310 00:00:00  |k Rodrigo Vera 
490 0 |a Oxford Bookworms, 3 
999 |c 344014  |d 344012 
952 |0 0  |1 0  |4 0  |6 820_000000000000000_BAX_2008  |7 0  |8 A  |9 441772  |a BIBEDU  |b BIBEDU  |d 2019-11-22  |i 4753224  |o 820 BAX 2008  |p 4753224  |r 2019-11-22  |w 2019-11-22  |y BK  |k LIT